Špirkové Memorandum - príjemné prekvapenie pre Kežmarčanov

Bibliographic Details
Main Author: Choma, Milan, 1948-2021 (Author)
Format: Article
Language:Slovak
Subjects:

MARC

LEADER 00000nab a2200000 ar4500
001 vtls010274527
003 SK-MaSNL
005 20260303224106.0
008 110429c2011 xo mr|p|||||||000 b|slo
038 |a PPPK 
040 |a PPPKCL  |b slo  |c PPPKCL  |e AACR2 
041 0 |a slo 
044 |a xo  |c SK 
080 |a 371(091)  |x (437.6)  |2 2001 
100 1 |a Choma, Milan,  |d 1948-2021  |4 aut  |9 239721 
245 1 0 |a Špirkové Memorandum - príjemné prekvapenie pre Kežmarčanov  |c Milan Choma 
600 1 7 |a Špirko, Jozef,  |d 1896-1954  |2 snkbucl  |9 107380 
650 0 7 |a dejiny školstva  |2 pppkcl  |9 71224 
650 0 7 |a memorandá  |2 pppkcl  |9 504307 
651 7 |a Kežmarok (Slovensko)  |2 pppkcl  |9 26808 
773 0 |t Kežmarok  |g Roč. XIX, č. 7 (2011), s. 9 
852 |a PPPK  |b KIS3GCP 
999 |c 2250635  |d 2252565